Niektoré tendencie vo vývoji priemyslu v SR Príloha Hospodárskych novín
Zhodnotenie vývoja priemyslu SR prostredníctvom vývoja výroby tovaru za posledných 12 mesiacov. Vývoj spracovateľského priemyslu a výroby a rozvodu elektriny a plynu. Vývoj výroby kovov a výroby kovových výrobkov v SR.
Salvato in:
| Natura: | Capitolo di libro |
|---|---|
| Lingua: | slovacco |
| Soggetti: | |
| Tags: |
Nessun Tag, puoi essere il primo ad aggiungerne!!
|
MARC
| LEADER | 00000naa a2200000 4500 | ||
|---|---|---|---|
| 001 | r026042 | ||
| 005 | 20230824090353.2 | ||
| 041 | 0 | |a slo | |
| 044 | |a SK | ||
| 245 | 1 | 0 | |a Niektoré tendencie vo vývoji priemyslu v SR |b Príloha Hospodárskych novín |
| 520 | |a Zhodnotenie vývoja priemyslu SR prostredníctvom vývoja výroby tovaru za posledných 12 mesiacov. Vývoj spracovateľského priemyslu a výroby a rozvodu elektriny a plynu. Vývoj výroby kovov a výroby kovových výrobkov v SR. | ||
| 610 | 2 | 0 | |a Slovensko |
| 610 | 2 | 0 | |a 1996-1997 |
| 610 | 2 | 0 | |a priemysel |
| 610 | 2 | 0 | |a výroba tovaru |